000
00286nam a2200121Ia 4500
008
190216s9999||||xx |||||||||||||| ||und||
100
_a
John Dover Wilson
245
0
_a
Timon Of Athens
260
_b
Cambridge Uty Press
_c
1968
300
_a
189p
650
_a
English Drama
942
_c
BK
999
_c
12433
_d
12433